00549nam a2200181Mi 450000500170000000800410001702000150005802000180007304000510009104100080014210000170015024500460016725000100021326000410022330000420026465000250030665000360033120180312142001.01 s1998 sp a gr 000 j spa d a8426129544 a9788426129543 aCO-BoUCMbspacJose A. GerenadDiana Londoño aspa1 aLegge, David10a¿Qué pasa aquí, abuelo?cDavid Legge a2a ed aBarcelona (España)bJuventudc1998 a[32] páginasbilustraciones a color 7aLiteratura infantil  7aCuentos ilustrados para niños